Дрейф льдов в центральной части Северного Ледовитого океана; Проблемы Севера; Вып. 1

Bibliographic Details
Parent link:Проблемы Севера: сборник/ Академия наук СССР (АН СССР).— , 1958-1972
Вып. 1.— 1958.— С. 5-29
Main Author: Гордиенко П. А.
Language:Russian
Published: 1958
Series:Океанология
Format: Book Chapter
KOHA link:https://koha.lib.tpu.ru/cgi-bin/koha/opac-detail.pl?biblionumber=220853

MARC

LEADER 00000naa2a2200000 4500
001 220853
005 20231031195529.0
035 |a (RuTPU)RU\TPU\book\240990 
090 |a 220853 
100 |a 20120904d1958 k y0rusy50 ca 
101 0 |a rus 
102 |a RU 
200 1 |a Дрейф льдов в центральной части Северного Ледовитого океана  |f П. А. Гордиенко 
225 1 |a Океанология 
461 0 |0 (RuTPU)RU\TPU\book\119820  |t Проблемы Севера  |o сборник  |f Академия наук СССР (АН СССР)  |d 1958-1972 
463 0 |0 (RuTPU)RU\TPU\book\240963  |t Вып. 1  |v С. 5-29  |d 1958  |p 372 с. 
700 1 |a Гордиенко  |b П. А. 
801 1 |a RU  |b 63413507  |c 20120904 
942 |c BK